000 00933nam a22003137a 4500
001 BR2013005589
003 BR-BrBNA
005 20230928104219.0
007 ta
008 230509b bl.||||| |||| 00| 0 por d
040 _aBR-BrBNA
_bpor
_cBiblioteca Nacional de Agricultura
041 _a(Por)
072 _aE40
090 _ E40 BR2013005589
110 1 _aUnião das Cooperativas de Pesca e Aquicultura do Estado da Bahia, BA (Brasil)
_911356
245 1 _aPrograma Unicoopa de investimento e custeio nas cooperativas de pesca e aquicultura do Estado da Bahia
260 3 _aBahia, BA (Brasil):
_c2009.
300 _a33 p.
500 _a14 ref.; 6 illus.; 3 graphs.; 9 tables
650 _aCOOPERATIVA
650 _aBAHIA
650 _aPESCA
650 _aINVESTIMENTO
650 _aCUSTO
650 _aAQUICULTURA
650 _aESTATÍSTICA PESQUEIRA
909 _a202309
_bLucia
_c55
_dLucia Elande
942 _cBK
999 _c78729
_d78729